| 000 | nam a22 7a 4500 | ||
|---|---|---|---|
| 999 |
_c126824 _d126824 |
||
| 008 | 170829b xxu||||| |||| 00| 0 eng d | ||
| 050 | _aBX2163.H337 | ||
| 100 |
_aHarty, Gabriel _935364 |
||
| 245 |
_aRediscovering the Rosary _cGabriel Harty |
||
| 250 | _a2nd. ed. | ||
| 260 |
_aDublin _bVeritas Publications _c1983 |
||
| 300 |
_a96p. ; _c22cm. |
||
| 650 |
_aRosary _935365 |
||
| 942 |
_2lcc _cMONOGRAPH |
||